000 00290nam a22001337a 4500
008 170824b xxu||||| |||| 00| 0 eng d
020 _a0387972862
041 _aeng
080 _a51
100 _a38
101 _aMAT
245 _aDIFFERENTIAL EQUATIONS
_cHUBBARD,J.H
942 _2udc
_cBK
999 _c24917
_d24917